Fr. Conceicao Rodrigues College of Engineering

CAD/CAM:Computer-aided design and manufacturing (Record no. 18805)

MARC details
000 -LEADER
fixed length control field 00312nam a2200133Ia 4500
082 ## - DEWEY DECIMAL CLASSIFICATION NUMBER
Classification number 621.38195
Item number GRO/Z
100 ## - MAIN ENTRY--PERSONAL NAME
Personal name Groover/M.P.
245 ## - TITLE STATEMENT
Title CAD/CAM:Computer-aided design and manufacturing
260 ## - PUBLICATION, DISTRIBUTION, ETC.
Name of publisher, distributor, etc. prentice hall
Place of publication, distribution, etc. New Delhi
Date of publication, distribution, etc. 1986
300 ## - PHYSICAL DESCRIPTION
Extent 489
546 ## - LANGUAGE NOTE
Language note ENGLISH
654 ## - SUBJECT ADDED ENTRY--FACETED TOPICAL TERMS
Focus term cad
942 ## - ADDED ENTRY ELEMENTS (KOHA)
Koha item type BOOK
Holdings
Withdrawn status Lost status Damaged status Not for loan Collection Home library Current library Date acquired Cost, normal purchase price Total Checkouts Full call number Barcode Date last seen Cost, replacement price Price effective from Koha item type
        CRC Fr. Agnel's C.Rodrigues College of Engineering Fr. Agnel's C.Rodrigues College of Engineering 17/03/2023 69.00   621.38195 GRO/Z 1458 17/03/2023 69.00 17/03/2023 BOOK